Language Quiz

Random Language or NBA Quiz

NBA Teams, in Russian Quiz Stats

 Plays Quiz not verified by Sporcle

Score 0/30 Timer 04:00
0 Plays Today
% Correct
Timberwolves
76.8%
Celtics
74%
Thunder
73.4%
Raptors
72.7%
Grizzlies
70.9%
Magic
67.8%
Hawks
67%
Mavericks
62.3%
Spurs
59.9%
Kings
59.7%
Heat
54.6%
Clippers
48.4%
Cavaliers
47.8%
TrailBlazers
47.4%
Lakers
46.1%
% Correct
Jazz
44.7%
Bucks
44.6%
Rockets
43.5%
Warriors
43.3%
Knicks
42%
Bulls
41.3%
Pistons
40.8%
Pelicans
40.3%
Nets
40%
76ers*
38.3%
Suns
37.2%
Nuggets
33.9%
Hornets
33.3%
Pacers
33%
Wizards
32%

You're not logged in!

Compare scores with friends on all Sporcle quizzes.
OR
Log In

Show Comments

Extras

Top Quizzes Today


Score Distribution

Your Account Isn't Verified!

In order to create a playlist on Sporcle, you need to verify the email address you used during registration. Go to your Sporcle Settings to finish the process.

Report this User

Report this user for behavior that violates our Community Guidelines.

Details: